[Event "Rated Blitz game"]
[Site "?"]
[Date "2021.11.23"]
[Round "?"]
[White "VLAJKO18"]
[Black "DOOGE228"]
[Result "0-1"]
[WhiteElo "2440"]
[BlackElo "2477"]
[PlyCount "84"]
[EventDate "2021.??.??"]
[EventType "blitz"]

1. e4 e5 2. Nf3 d5 3. Nxe5 Bd6 4. Nxf7 Kxf7 5. Qh5+ g6 6. Qxd5+ Kg7 7. Qd3 Nc6
8. c3 Nf6 9. f3 Nh5 10. Qe2 Qh4+ 11. Kd1 Ng3 12. hxg3 Qxh1 13. Kc2 Bxg3 14. d4
Re8 15. Na3 Be6 16. b3 Rad8 17. Bb2 Kg8 18. Rd1 a6 19. Qe3 Bf7 20. f4 Qh4 21.
Bc1 Bd5 22. Bd3 Bf7 23. Rf1 Ne7 24. Rf3 Nf5 25. Qd2 Be1 26. Qd1 Nd6 27. Qe2 c5
28. dxc5 Nf5 29. Bc4 Nh6 30. f5 Bxc4 31. Nxc4 Rxe4 32. Qf1 Rde8 33. fxg6 hxg6
34. Kb1 Nf5 35. Nd6 Re2 36. Nxe8 Qe4+ 37. Ka1 Qxe8 38. Bb2 Qe4 39. g4 Qc2 40.
Qxe2 Qxe2 41. Rh3 Qd1+ 42. Bc1 Qxc1# {Normal} 0-1

[Event "Rated Rapid game"]
[Site "?"]
[Date "2021.11.23"]
[Round "?"]
[White "Luvenvy2"]
[Black "ekdubov"]
[Result "0-1"]
[WhiteElo "2413"]
[BlackElo "2333"]
[PlyCount "78"]
[EventDate "2021.??.??"]
[EventType "rapid"]

1. e4 e5 2. Nf3 d5 3. exd5 e4 4. Nc3 exf3 5. Qxf3 Nf6 6. Be2 Bd6 7. Bb5+ Bd7 8.
Bxd7+ Nbxd7 9. d4 O-O 10. O-O Nb6 11. Re1 Nbxd5 12. Nxd5 Nxd5 13. c4 Bb4 14.
Re2 Nf6 15. Qxb7 Rb8 16. Qxa7 Qd6 17. h3 Ra8 18. Qb7 Rfb8 19. Qf3 Qxd4 20. Be3
Qxc4 21. Rc1 Qd5 22. a3 Qxf3 23. gxf3 Bd6 24. Rd2 h6 25. Kg2 Rb3 26. Rcc2 Rab8
27. Kf1 Nh5 28. a4 Nf4 29. Rxd6 cxd6 30. Bxf4 Rxb2 31. Rxb2 Rxb2 32. Bxd6 Ra2
33. Ke1 Rxa4 34. Ke2 f6 35. f4 Kf7 36. Kf3 Ke6 37. Bf8 Ra7 38. Kg4 f5+ 39. Kh5
Kf6 {Normal} 0-1

[Event "Rated Blitz game"]
[Site "?"]
[Date "2021.11.23"]
[Round "?"]
[White "HansGruber"]
[Black "RCompany_1"]
[Result "1-0"]
[WhiteElo "2414"]
[BlackElo "2371"]
[PlyCount "89"]
[EventDate "2021.??.??"]
[EventType "blitz"]

1. e4 e5 2. Nf3 d5 3. Nxe5 Bd6 4. d4 dxe4 5. Nc4 Be7 6. Nc3 Nf6 7. Bg5 O-O 8.
Be2 Nc6 9. d5 Nxd5 10. Bxe7 Ncxe7 11. Nxe4 Nf4 12. Bf3 Be6 13. Ne3 Neg6 14. O-O
Nh4 15. Nc5 b6 16. Nxe6 Nxe6 17. Bxa8 Qxa8 18. Qg4 Ng6 19. Rad1 c5 20. Nf5 Re8
21. Rfe1 h6 22. h4 Ngf4 23. Nxh6+ Kh7 24. Nf5 g6 25. Ne3 f5 26. Qg3 Qe4 27. f3
Qb7 28. c4 Qc7 29. Kh2 Nd4 30. Nd5 Nxd5 31. cxd5 Qxg3+ 32. Kxg3 Rd8 33. Re5 a5
34. h5 gxh5 35. Kf4 Kg6 36. Re7 Rxd5 37. Rb7 Rd6 38. Re1 Kf6 39. Re8 Ne6+ 40.
Kg3 f4+ 41. Kh4 Rd2 42. Rxb6 Re2 43. Rf8+ Ke5 44. Re8 Kd5 45. Ra6 {Time forfeit
} 1-0

[Event "Rated Blitz game"]
[Site "?"]
[Date "2021.11.23"]
[Round "?"]
[White "Izzrayizzix"]
[Black "s_1704"]
[Result "0-1"]
[WhiteElo "2473"]
[BlackElo "2292"]
[PlyCount "75"]
[EventDate "2021.??.??"]
[EventType "blitz"]

1. e4 e5 2. Nf3 d5 3. Nxe5 Bd6 4. d4 dxe4 5. Nc4 Nc6 6. Nc3 Bf5 7. Ne3 Bg6 8.
Bb5 a6 9. Ba4 b5 10. Bb3 Nf6 11. O-O Nxd4 12. Ncd5 Nxb3 13. axb3 O-O 14. c4 c6
15. Nc3 Qc7 16. h3 Rfd8 17. Qe2 b4 18. Na4 c5 19. Ng4 Nxg4 20. Qxg4 f5 21. Qe2
f4 22. Bd2 f3 23. gxf3 exf3 24. Qxf3 Bh2+ 25. Kh1 Rxd2 26. Qxa8+ Rd8 27. Qg2
Bf4 28. Rad1 Rf8 29. Qd5+ Kh8 30. f3 Qe7 31. Qxc5 Qf6 32. Qf2 Bf5 33. Qg2 Qh4
34. Rg1 g6 35. Rd4 Bxh3 36. Rxf4 Bxg2+ 37. Kxg2 Qxf4 38. Rf1 {Normal} 0-1

[Event "Rated Blitz game"]
[Site "?"]
[Date "2021.11.23"]
[Round "?"]
[White "CampoCaligne"]
[Black "Erow"]
[Result "0-1"]
[WhiteElo "2646"]
[BlackElo "2756"]
[PlyCount "74"]
[EventDate "2021.??.??"]
[EventType "blitz"]

1. e4 e5 2. Nf3 d5 3. Nxe5 Bd6 4. d4 dxe4 5. Nc3 Nf6 6. Bc4 O-O 7. O-O Nc6 8.
Nxc6 bxc6 9. Bg5 Re8 10. h3 h6 11. Be3 Bf5 12. Qd2 Qd7 13. f3 exf3 14. Rxf3 Ne4
15. Nxe4 Bxe4 16. Rxf7 Qxf7 17. Bxf7+ Kxf7 18. Rf1+ Kg6 19. Bf4 Bd5 20. Qd3+
Be4 21. Qg3+ Kh7 22. Bxd6 cxd6 23. Qxd6 Rad8 24. Qc7 Bd5 25. b3 Rc8 26. Qxa7
Ra8 27. Qc5 Rxa2 28. Rf2 Re1+ 29. Kh2 Re6 30. Qf8 Rg6 31. Qf5 Be6 32. Qd3 h5
33. h4 Bd5 34. g4 Ra1 35. Rg2 hxg4 36. h5 g3+ 37. Rxg3 Rh1# {Normal} 0-1

[Event "Rated Blitz game"]
[Site "?"]
[Date "2021.11.23"]
[Round "?"]
[White "dmitryfat"]
[Black "khalid_ontawar"]
[Result "1/2-1/2"]
[WhiteElo "2450"]
[BlackElo "2484"]
[PlyCount "197"]
[EventDate "2021.??.??"]
[EventType "blitz"]

1. e4 e5 2. Nf3 d5 3. d3 dxe4 4. dxe4 Qxd1+ 5. Kxd1 Bg4 6. Be3 Nc6 7. Nbd2 Nf6
8. c3 Bxf3+ 9. gxf3 Bd6 10. Bb5 O-O 11. Bxc6 bxc6 12. Kc2 c5 13. c4 Nd7 14. Nb3
a5 15. a4 Rfb8 16. Kc3 Rb4 17. Nd2 Rab8 18. b3 R8b7 19. Rhg1 Nf8 20. Bh6 Ne6
21. Rab1 g6 22. Be3 Nd4 23. h4 Ne2+ 24. Kc2 Nxg1 25. Rxg1 Be7 26. Rg4 h5 27.
Rg2 Kf8 28. Bg5 Bxg5 29. Rxg5 R4b6 30. Rxe5 Rf6 31. Rxc5 Rf4 32. Rxa5 Rxh4 33.
Rg5 Rh1 34. a5 h4 35. f4 Rh2 36. Kc3 Rxf2 37. Rg4 h3 38. Rh4 h2 39. f5 gxf5 40.
exf5 Ke7 41. b4 Rb8 42. b5 Rg8 43. Ne4 Ra2 44. a6 Rg1 45. f6+ Kd7 46. Nc5+ Kd6
47. Nb7+ Ke6 48. c5 h1=Q 49. Rxh1 Rxh1 50. b6 cxb6 51. cxb6 Rxa6 52. Nc5+ Kd6
53. Nxa6 Kc6 54. Nb4+ Kxb6 55. Nd3 Rf1 56. Ne5 Kc5 57. Nxf7 Rf3+ 58. Kd2 Rxf6
59. Ne5 Rf5 60. Nd3+ Kd4 61. Ke2 Rh5 62. Nf2 Rh2 63. Kf3 Rh8 64. Ke2 Rf8 65.
Nd3 Ke4 66. Nf2+ Kf4 67. Nd3+ Kg3 68. Ke3 Re8+ 69. Kd4 Kf3 70. Ne5+ Kf4 71.
Nd3+ Kf5 72. Nc5 Rd8+ 73. Kc4 Rd1 74. Nd3 Ke4 75. Nc5+ Ke3 76. Ne6 Rc1+ 77. Kd5
Rd1+ 78. Ke5 Re1 79. Nc5 Kd2+ 80. Kd5 Rd1 81. Ne4+ Kc1+ 82. Ke5 Re1 83. Kd4
Rd1+ 84. Kc4 Rd8 85. Nc3 Rc8+ 86. Kd4 Kc2 87. Nd5 Rd8 88. Ke5 Kd1 89. Kd4 Re8
90. Kc5 Rd8 91. Kd4 Ra8 92. Ke5 Ra5 93. Kd4 Rb5 94. Ke5 Ra5 95. Ke6 Ra1 96. Ke5
Rc1 97. Kd4 Rc2 98. Ne3+ Kc1 99. Nxc2 {Normal} 1/2-1/2

[Event "Rated Blitz tournament deVexxM1"]
[Site "?"]
[Date "2021.11.23"]
[Round "?"]
[White "Butlerpigeon99"]
[Black "HEISENBERG_1956"]
[Result "1/2-1/2"]
[WhiteElo "2602"]
[BlackElo "2542"]
[PlyCount "197"]
[EventDate "2021.??.??"]
[EventType "blitz"]

1. e4 e5 2. Nf3 d5 3. exd5 e4 4. Qe2 Nf6 5. d3 Qxd5 6. Nc3 Bb4 7. dxe4 Qxe4 8.
Qxe4+ Nxe4 9. Bd2 Bxc3 10. Bxc3 Nxc3 11. bxc3 O-O 12. Bd3 Nc6 13. O-O Bg4 14.
Be4 Na5 15. h3 Bh5 16. Rab1 Rab8 17. Nd4 c5 18. Nf5 Bg6 19. Ne7+ Kh8 20. Bxg6
fxg6 21. Rbd1 Rfe8 22. Rd7 Nc6 23. Nxc6 bxc6 24. Rxa7 Rb2 25. Rc1 h6 26. Ra6
Re2 27. Rxc6 Rexc2 28. Rxc2 Rxc2 29. Rxc5 Rxa2 30. Rc8+ Kh7 31. c4 Rc2 32. g4
g5 33. c5 Rc3 34. Kg2 Rc2 35. c6 Kg6 36. Kf3 Rc4 37. Ke3 Kf6 38. Kd3 Rc1 39.
Ke4 Ke6 40. c7 Kd6 41. Rd8+ Kxc7 42. Rg8 Rc4+ 43. Ke5 Rf4 44. Rxg7+ Kd8 45. Rg6
Ke7 46. Rxh6 Rxf2 47. Rh7+ Kf8 48. Rh5 Rf3 49. Ke4 Rf4+ 50. Ke3 Rc4 51. Kf3
Rc3+ 52. Kg2 Rc5 53. Rh6 Kf7 54. Ra6 Kg7 55. Re6 Kf7 56. Re4 Kg7 57. Kf3 Kf6
58. Rd4 Rc3+ 59. Kg2 Rc5 60. Rd3 Kg7 61. Kf3 Kf6 62. Ke4 Kf7 63. Rd5 Rc3 64.
Rd3 Rc4+ 65. Kf5 Rc5+ 66. Ke4 Kf6 67. Rd6+ Ke7 68. Rg6 Kf7 69. Ra6 Kg7 70. Kd4
Rb5 71. Re6 Rb3 72. Re5 Rxh3 73. Rxg5+ Kf6 74. Rf5+ Kg6 75. Ke4 Rg3 76. Kf4 Rg1
77. Ra5 Rf1+ 78. Kg3 Rg1+ 79. Kf3 Rf1+ 80. Kg2 Rf4 81. Kg3 Rf1 82. Ra2 Rg1+ 83.
Kh3 Rh1+ 84. Rh2 Rd1 85. Kh4 Rd3 86. Ra2 Rd6 87. Ra5 Re6 88. Rb5 Kf6 89. Rg5
Re1 90. Rf5+ Kg6 91. Kg3 Kh6 92. Rf6+ Kg5 93. Rf5+ Kg6 94. Rf1 Rb1 95. Re1 Rxe1
96. Kf3 Rb1 97. Kf4 Rb4+ 98. Kf3 Rxg4 99. Kxg4 {Normal} 1/2-1/2

[Event "Rated Blitz game"]
[Site "?"]
[Date "2021.11.23"]
[Round "?"]
[White "CampoCaligne"]
[Black "Erow"]
[Result "0-1"]
[WhiteElo "2648"]
[BlackElo "2754"]
[PlyCount "22"]
[EventDate "2021.??.??"]
[EventType "blitz"]

1. e4 e5 2. Nf3 d5 3. Nxe5 Bd6 4. d4 dxe4 5. Nc3 Bxe5 6. dxe5 Qxd1+ 7. Kxd1 Nc6
8. Bb5 Bg4+ 9. Ke1 O-O-O 10. Bxc6 bxc6 11. Nxe4 Rd1# {Normal} 0-1

[Event "Rated Blitz game"]
[Site "?"]
[Date "2021.11.23"]
[Round "?"]
[White "Nikita_Gilyazitdinov"]
[Black "Bakiuzumaki"]
[Result "1-0"]
[WhiteElo "2454"]
[BlackElo "2337"]
[PlyCount "135"]
[EventDate "2021.??.??"]
[EventType "blitz"]

1. e4 e5 2. Nf3 d5 3. Nxe5 Bd6 4. d4 dxe4 5. Nc3 Bxe5 6. dxe5 Qxd1+ 7. Kxd1 Bf5
8. Bc4 Nc6 9. Bf4 Nge7 10. Ke2 Nd4+ 11. Kf1 Nxc2 12. Rd1 Rd8 13. Rxd8+ Kxd8 14.
Bxf7 Rf8 15. Bc4 Ng6 16. Bg5+ Kc8 17. Ke2 Bg4+ 18. Kd2 Nxe5 19. Kxc2 Nxc4 20.
Nxe4 Bf5 21. f3 Bxe4+ 22. fxe4 Rf2+ 23. Kc3 Nd6 24. Re1 Rxg2 25. Bf4 Rg4 26.
Bxd6 cxd6 27. Kd4 Kd7 28. Re2 g5 29. Kd5 Rf4 30. Rg2 g4 31. h3 h5 32. hxg4 Rxg4
33. Rf2 Rg5+ 34. Kd4 Ke6 35. Rf8 Rg4 36. Rh8 h4 37. Rh6+ Ke7 38. Rh7+ Kf6 39.
Rxb7 h3 40. Rh7 Rg3 41. b4 Kg6 42. Rh8 Kg7 43. Rh4 Kf6 44. a4 Rb3 45. Kc4 Ra3
46. a5 a6 47. Kd5 Rd3+ 48. Kc6 Ke5 49. Kb6 Rb3 50. Rh5+ Kxe4 51. Rh4+ Kf5 52.
Kxa6 Kg5 53. Rh8 Rxb4 54. Rxh3 Kf5 55. Ka7 Ke5 56. a6 d5 57. Ka8 d4 58. a7 d3
59. Rxd3 Ke4 60. Rd7 Ke5 61. Rb7 Rg4 62. Kb8 Kd6 63. a8=Q Rg8+ 64. Ka7 Rxa8+
65. Kxa8 Kc6 66. Ka7 Kd6 67. Kb6 Ke6 68. Kc6 {Time forfeit} 1-0

[Event "Rated Blitz game"]
[Site "?"]
[Date "2021.11.23"]
[Round "?"]
[White "ventdelest"]
[Black "Heri72"]
[Result "0-1"]
[WhiteElo "2338"]
[BlackElo "2454"]
[PlyCount "58"]
[EventDate "2021.??.??"]
[EventType "blitz"]

1. e4 e5 2. Nf3 d5 3. Nxe5 Bd6 4. d4 dxe4 5. Bc4 Nf6 6. Nxf7 Qe7 7. Nxh8 Be6 8.
Bxe6 Qxe6 9. O-O Nc6 10. Nc3 Ne7 11. Bg5 O-O-O 12. Bxf6 gxf6 13. Qe2 f5 14. f3
Rxh8 15. fxe4 fxe4 16. Qxe4 Qh6 17. h3 a6 18. Rf7 Ng6 19. Qg4+ Kb8 20. Ne4 Qe3+
21. Kh1 Bf4 22. Qf3 Qxd4 23. Rxf4 Nxf4 24. Qxf4 Qxb2 25. Rf1 Qxa2 26. Nc5 Qxc2
27. Qb4 b6 28. Nxa6+ Kb7 29. Qe4+ Qxe4 {Time forfeit} 0-1

[Event "Rated Blitz game"]
[Site "?"]
[Date "2021.11.23"]
[Round "?"]
[White "PMTV"]
[Black "Ibussen"]
[Result "1/2-1/2"]
[WhiteElo "2361"]
[BlackElo "2460"]
[PlyCount "122"]
[EventDate "2021.??.??"]
[EventType "blitz"]

1. e4 e5 2. Nf3 d5 3. Nxe5 dxe4 4. d4 Nf6 5. Nc3 c5 6. dxc5 Qxd1+ 7. Nxd1 Bxc5
8. Bg5 Nbd7 9. Bb5 O-O 10. Nxd7 Nxd7 11. Nc3 f5 12. O-O-O Nb6 13. Nd5 Be6 14.
Nxb6 axb6 15. Be3 Rxa2 16. Bxc5 bxc5 17. Kb1 Rfa8 18. b3 Ra1+ 19. Kb2 Rxd1 20.
Rxd1 Kf7 21. Bd7 Ke7 22. Bxe6 Kxe6 23. Kc3 b5 24. b4 Ra3+ 25. Kb2 cxb4 26. Rd4
e3 27. fxe3 Rxe3 28. Rxb4 Re2 29. Rxb5 Rxg2 30. h4 f4 31. Kc3 h6 32. h5 Rg5 33.
Rb6+ Kf5 34. Kd4 Kg4 35. c4 f3 36. Ke3 Re5+ 37. Kf2 Re2+ 38. Kf1 Re7 39. Rg6+
Kf4 40. c5 Rc7 41. c6 Ke3 42. Re6+ Kf4 43. Kf2 Kg4 44. Rd6 Kxh5 45. Kxf3 g5 46.
Kg3 Ra7 47. Rd3 Rc7 48. Rc3 Kg6 49. Kg4 h5+ 50. Kf3 Kf5 51. Rc5+ Kf6 52. Ke4 h4
53. Kf3 h3 54. Kg3 g4 55. Kxg4 h2 56. Rh5 Rxc6 57. Rxh2 Rc4+ 58. Kf3 Ke5 59.
Rh5+ Kd4 60. Rh4+ Kc3 61. Rxc4+ Kxc4 {Normal} 1/2-1/2

[Event "Rated Blitz game"]
[Site "?"]
[Date "2021.11.23"]
[Round "?"]
[White "Antonny"]
[Black "sterre"]
[Result "1/2-1/2"]
[WhiteElo "2448"]
[BlackElo "2451"]
[PlyCount "128"]
[EventDate "2021.??.??"]
[EventType "blitz"]

1. e4 e5 2. Nf3 d5 3. Nc3 dxe4 4. Nxe4 Nf6 5. Bd3 Nc6 6. O-O Bd6 7. Nxf6+ Qxf6
8. Be4 O-O 9. d3 Bd7 10. Bg5 Qe6 11. c4 h6 12. Bh4 g5 13. Bg3 Kg7 14. d4 exd4
15. Bd5 Qf6 16. Bxd6 Qxd6 17. Nxd4 Nxd4 18. Qxd4+ Qf6 19. Rad1 Qxd4 20. Rxd4 c6
21. Bf3 Be6 22. b3 Rfd8 23. Rfd1 Rxd4 24. Rxd4 a5 25. h4 a4 26. hxg5 hxg5 27.
b4 f5 28. g4 a3 29. Kg2 Kf6 30. b5 Ke5 31. Rd2 fxg4 32. Be2 cxb5 33. cxb5 Rc8
34. Rd3 Rc2 35. Re3+ Kf6 36. b6 Rxa2 37. Rxe6+ Kxe6 38. Bc4+ Kd6 39. Bxa2 Kc5
40. Kg3 Kxb6 41. Kxg4 Kc5 42. Kxg5 b5 43. f4 b4 44. f5 Kd4 45. f6 Kc3 46. f7 b3
47. Bxb3 Kxb3 48. f8=Q a2 49. Qf6 Kc2 50. Qa1 Kb3 51. Kf4 Ka3 52. Ke3 Kb3 53.
Kd3 Kb4 54. Qxa2 Kc5 55. Qc4+ Kd6 56. Kd4 Ke7 57. Qc5+ Kf6 58. Kd5 Kf5 59. Qe3
Kg4 60. Qf2 Kg5 61. Ke5 Kg4 62. Qf1 Kg5 63. Qg2+ Kh6 64. Kf5 Kh7 {Time forfeit}
1/2-1/2

[Event "Rated Blitz tournament hRL7XUUe"]
[Site "?"]
[Date "2021.11.23"]
[Round "?"]
[White "RommelGanzon"]
[Black "NDMUSPERM523"]
[Result "1-0"]
[WhiteElo "2604"]
[BlackElo "2208"]
[PlyCount "83"]
[EventDate "2021.??.??"]
[EventType "blitz"]

1. e4 e5 2. Nf3 d5 3. exd5 Qxd5 4. Nc3 Qe6 5. Qe2 Nc6 6. d4 exd4 7. Nb5 Bd6 8.
Nbxd4 Qxe2+ 9. Bxe2 Nxd4 10. Nxd4 Nf6 11. Bg5 Be5 12. O-O-O Bxd4 13. Rxd4 Be6
14. Bxf6 gxf6 15. Bf3 c6 16. Rhd1 Ke7 17. a3 Rad8 18. Rxd8 Rxd8 19. Rxd8 Kxd8
20. Kd2 Ke7 21. Ke3 Kd6 22. Kf4 h6 23. h4 a5 24. c3 b5 25. Ke3 c5 26. Be4 b4
27. axb4 cxb4 28. cxb4 axb4 29. Kd4 Bb3 30. f4 Ba2 31. Bd3 Bd5 32. g3 Bb3 33.
Bc4 Bc2 34. Bxf7 Bf5 35. Kc4 Be6+ 36. Bxe6 Kxe6 37. Kxb4 Kf5 38. Kc5 Kg4 39. b4
Kxg3 40. b5 Kxf4 41. b6 Ke5 42. b7 {Normal} 1-0

[Event "Rated Blitz game"]
[Site "?"]
[Date "2021.11.23"]
[Round "?"]
[White "NormWeinstein"]
[Black "RCompany_1"]
[Result "1-0"]
[WhiteElo "2454"]
[BlackElo "2392"]
[PlyCount "117"]
[EventDate "2021.??.??"]
[EventType "blitz"]

1. e4 e5 2. Nf3 d5 3. d4 dxe4 4. Nxe5 Bd6 5. Bf4 Nf6 6. Be2 O-O 7. O-O Qe7 8.
Nc3 Nbd7 9. Nxd7 Bxd7 10. Bxd6 cxd6 11. d5 Rfe8 12. Qd4 a6 13. Rfe1 Qe5 14.
Rad1 Rac8 15. h3 b5 16. Qxe5 Rxe5 17. a3 Kf8 18. Rd4 Rxc3 19. bxc3 Nxd5 20. c4
Nc3 21. cxb5 Nxe2+ 22. Rxe2 Bxb5 23. Red2 e3 24. fxe3 Rxe3 25. a4 Be8 26. Rxd6
Bxa4 27. Rxa6 Bb5 28. Ra7 g6 29. Rd5 Bc4 30. Rc5 Be6 31. Rcc7 Re2 32. Kf1 Rd2
33. c4 Rc2 34. c5 h5 35. c6 h4 36. Ra5 Kg7 37. Re5 Kf6 38. Re3 g5 39. Kg1 Kf5
40. Rf3+ Ke4 41. Rfxf7 Bxf7 42. Rxf7 Rxc6 43. Kh2 Ke5 44. Rf3 Rf6 45. Re3+ Kf4
46. Ra3 Rd6 47. Ra4+ Kf5 48. Ra5+ Kf4 49. Ra4+ Kf5 50. Rb4 Rd3 51. Rc4 Ra3 52.
Rc5+ Kf4 53. Rc4+ Kf5 54. Rd4 Rb3 55. Rc4 Ra3 56. Rb4 Rc3 57. Rb5+ Kf4 58. Ra5
Ra3 59. Rxa3 {Normal} 1-0

[Event "Rated Blitz game"]
[Site "?"]
[Date "2021.11.23"]
[Round "?"]
[White "taoneto"]
[Black "RCompany_1"]
[Result "0-1"]
[WhiteElo "2444"]
[BlackElo "2391"]
[PlyCount "44"]
[EventDate "2021.??.??"]
[EventType "blitz"]

1. e4 e5 2. Nf3 d5 3. exd5 e4 4. Qe2 Nf6 5. c4 c6 6. Nc3 Be7 7. Nd4 O-O 8. h3
Re8 9. b3 cxd5 10. cxd5 Nxd5 11. Nxd5 Qxd5 12. Bb2 Bf6 13. Qe3 Nc6 14. Bc4 Qe5
15. f4 exf3 16. Qxe5 Bxe5 17. O-O-O Bxd4 18. Bxd4 Nxd4 19. Rhf1 Be6 20. Bxe6
Rxe6 21. gxf3 Rc8+ 22. Kb1 f5 {Normal} 0-1

[Event "Rated Blitz game"]
[Site "?"]
[Date "2021.11.23"]
[Round "?"]
[White "hinuttaja"]
[Black "luckyluke9999"]
[Result "0-1"]
[WhiteElo "2560"]
[BlackElo "2595"]
[PlyCount "44"]
[EventDate "2021.??.??"]
[EventType "blitz"]

1. e4 e5 2. Nf3 d5 3. Nxe5 Bd6 4. d4 dxe4 5. Bc4 Bxe5 6. dxe5 Qxd1+ 7. Kxd1 Nc6
8. e6 Bxe6 9. Bxe6 fxe6 10. c3 Nf6 11. Re1 O-O-O+ 12. Kc2 Ne5 13. Nd2 Nd3 14.
Re2 Nf4 15. Re3 Nxg2 16. Rg3 Ne1+ 17. Kd1 Nf3 18. Rxg7 e3 19. fxe3 Ne4 20. Ke2
Nfxd2 21. Bxd2 Rxd2+ 22. Kf3 Nd6 {Normal} 0-1

[Event "Rated Blitz game"]
[Site "?"]
[Date "2021.11.23"]
[Round "?"]
[White "HanLiang123"]
[Black "Taabling"]
[Result "1-0"]
[WhiteElo "2384"]
[BlackElo "2534"]
[PlyCount "83"]
[EventDate "2021.??.??"]
[EventType "blitz"]

1. e4 e5 2. Nf3 d5 3. Nxe5 Bd6 4. d4 dxe4 5. Bc4 Bxe5 6. dxe5 Qxd1+ 7. Kxd1 Nc6
8. Re1 Bg4+ 9. Be2 O-O-O+ 10. Bd2 Nxe5 11. Nc3 f5 12. Kc1 Nf6 13. Bg5 Rd7 14.
Bxf6 gxf6 15. h3 Bxe2 16. Nxe2 Rd5 17. Rd1 Rhd8 18. Rxd5 Rxd5 19. Ng3 Nc4 20.
b3 Nd6 21. Nh5 Ne8 22. c4 Rd6 23. Kc2 Kd7 24. Re1 c5 25. h4 a6 26. Re3 Nc7 27.
Ng3 Ke6 28. f3 Rd4 29. Ne2 Ke5 30. f4+ Ke6 31. Nxd4+ cxd4 32. Rg3 Kf7 33. h5
Ne6 34. h6 a5 35. a3 b6 36. b4 axb4 37. axb4 Kf8 38. b5 e3 39. Rg7 Nxf4 40. Rd7
Nxg2 41. Kd1 f4 42. Ke2 {Time forfeit} 1-0

[Event "Rated Blitz game"]
[Site "?"]
[Date "2021.11.23"]
[Round "?"]
[White "purepecha1"]
[Black "Lasker-on-speed"]
[Result "0-1"]
[WhiteElo "2360"]
[BlackElo "2408"]
[PlyCount "43"]
[EventDate "2021.??.??"]
[EventType "blitz"]

1. e4 e5 2. Nf3 d5 3. Nxe5 Bd6 4. d4 dxe4 5. Nc3 Bxe5 6. dxe5 Qxd1+ 7. Kxd1 Bf5
8. Bc4 Nc6 9. Bf4 O-O-O+ 10. Kc1 Nh6 11. Re1 Ng4 12. Bxf7 Ncxe5 13. Bd5 e3 14.
f3 Nf6 15. Bxe5 Nxd5 16. g4 Rhe8 17. Bxg7 Bg6 18. b3 Nf4 19. Bh6 Rd2 20. Rxe3
Rxc2+ 21. Kd1 Rxe3 22. Bxf4 {Normal} 0-1

[Event "Rated Blitz game"]
[Site "?"]
[Date "2021.11.23"]
[Round "?"]
[White "someoneelse2020"]
[Black "DOOGE228"]
[Result "1-0"]
[WhiteElo "2363"]
[BlackElo "2492"]
[PlyCount "47"]
[EventDate "2021.??.??"]
[EventType "blitz"]

1. e4 e5 2. Nf3 d5 3. Nxe5 Bd6 4. d4 dxe4 5. Nc4 Nf6 6. Nxd6+ Qxd6 7. Be2 O-O
8. O-O Nc6 9. c3 Ne7 10. c4 c5 11. dxc5 Qxc5 12. Be3 Qf5 13. Nc3 Nc6 14. h3 Be6
15. Qb3 Rab8 16. Rad1 Ne5 17. Bxa7 Nf3+ 18. Bxf3 exf3 19. Bxb8 fxg2 20. Kxg2
Qxh3+ 21. Kg1 Rxb8 22. Nd5 Qh5 23. Qg3 Rf8 24. Nxf6+ {Normal} 1-0

[Event "Rated Blitz game"]
[Site "?"]
[Date "2021.11.23"]
[Round "?"]
[White "sergolvz"]
[Black "Erow"]
[Result "0-1"]
[WhiteElo "2683"]
[BlackElo "2767"]
[PlyCount "130"]
[EventDate "2021.??.??"]
[EventType "blitz"]

1. e4 e5 2. Nf3 d5 3. Nc3 dxe4 4. Nxe4 Nf6 5. Nxf6+ Qxf6 6. Bc4 Nc6 7. O-O Bd6
8. d4 e4 9. Re1 Bf5 10. Bd5 O-O 11. Bxe4 Rfe8 12. Bxf5 Qxf5 13. Rxe8+ Rxe8 14.
Be3 Qg6 15. c3 Ne7 16. Qd2 Nd5 17. Re1 h6 18. a3 b5 19. Qd1 c6 20. Bc1 Rb8 21.
Qe2 a5 22. Qe4 Qf6 23. h3 Bc7 24. Qc2 b4 25. axb4 axb4 26. c4 Nf4 27. Bxf4 Qxf4
28. b3 Ra8 29. Qe2 Ra3 30. Qe8+ Kh7 31. Qxc6 Rxb3 32. Qe4+ Qxe4 33. Rxe4 Rb1+
34. Re1 Rb2 35. g3 b3 36. Kg2 Rc2 37. Re3 b2 38. Rb3 Bd8 39. Ne5 Bf6 40. Kf3
Rd2 41. Ke3 Rc2 42. Nd3 Rxc4 43. Nxb2 Rxd4 44. Nd3 Rd6 45. h4 Bd4+ 46. Kf3 Rf6+
47. Kg2 Re6 48. Nf4 Rc6 49. h5 Rc2 50. Nd3 Rd2 51. Kf3 Ba7 52. g4 Bd4 53. Kg3
Ba7 54. f4 Rd1 55. Kf3 Bd4 56. Ke4 Bf6 57. Rb7 Kg8 58. Rb5 g6 59. hxg6 fxg6 60.
Rb7 h5 61. g5 Bg7 62. Ne5 Re1+ 63. Kd5 h4 64. Nxg6 h3 65. Rb2 Bxb2 {Normal} 0-1

[Event "Rated Blitz game"]
[Site "?"]
[Date "2021.11.23"]
[Round "?"]
[White "Chad_TheChamp"]
[Black "mirekkk14"]
[Result "0-1"]
[WhiteElo "2422"]
[BlackElo "2400"]
[PlyCount "60"]
[EventDate "2021.??.??"]
[EventType "blitz"]

1. e4 e5 2. Nf3 d5 3. exd5 e4 4. Qe2 Nf6 5. d3 Qxd5 6. Nfd2 Qa5 7. Nc3 Be7 8.
Ndxe4 O-O 9. Bd2 Nc6 10. O-O-O Be6 11. Kb1 Nd4 12. Qe3 Nb5 13. Nd5 Na3+ 14.
bxa3 Qxd5 15. Nc3 Qc6 16. a4 Ba3 17. Be2 Rfe8 18. Qf3 Qb6+ 19. Nb5 c6 20. Be3
Bc5 21. Bxc5 Qxc5 22. Nc7 Qb6+ 23. Ka1 Qxc7 24. Rb1 b6 25. Rhe1 Bd5 26. Qg3
Qxg3 27. fxg3 Bxg2 28. d4 Re4 29. c3 Rae8 30. Rb2 Bf3 {Normal} 0-1

[Event "Rated Blitz game"]
[Site "?"]
[Date "2021.11.23"]
[Round "?"]
[White "bonbonchristhov"]
[Black "fuglfonix"]
[Result "1-0"]
[WhiteElo "2431"]
[BlackElo "2395"]
[PlyCount "43"]
[EventDate "2021.??.??"]
[EventType "blitz"]

1. e4 e5 2. Nf3 d5 3. exd5 e4 4. Qe2 Nf6 5. d3 Qxd5 6. dxe4 Qxe4 7. Be3 Nc6 8.
Nfd2 Qb4 9. b3 Bf5 10. Bc5+ Be7 11. Bxb4 Nxb4 12. Na3 O-O-O 13. O-O-O Nxa2+ 14.
Kb2 Bxa3+ 15. Kxa2 Rhe8 16. Qf3 Bxc2 17. Kxa3 Bxd1 18. Qxd1 Re5 19. Qc2 Re1 20.
g3 Rd6 21. Bh3+ Kd8 22. Rxe1 {Normal} 1-0

[Event "Rated Blitz game"]
[Site "?"]
[Date "2021.11.23"]
[Round "?"]
[White "Malakhov_Igor"]
[Black "Erow"]
[Result "1-0"]
[WhiteElo "2665"]
[BlackElo "2764"]
[PlyCount "155"]
[EventDate "2021.??.??"]
[EventType "blitz"]

1. e4 e5 2. Nf3 d5 3. Nxe5 Bd6 4. d4 dxe4 5. Nc3 Nf6 6. Nc4 O-O 7. Bg5 Nc6 8.
Qd2 Re8 9. O-O-O h6 10. Bh4 a5 11. Kb1 Bb4 12. a3 Bxc3 13. Qxc3 Nd5 14. Bxd8
Nxc3+ 15. bxc3 Rxd8 16. d5 Ne7 17. d6 Nf5 18. Be2 Nxd6 19. Nxd6 cxd6 20. Rd4
Be6 21. Rhd1 Rac8 22. c4 f5 23. Rxd6 Rxd6 24. Rxd6 Bxc4 25. Bxc4+ Rxc4 26. Rd5
f4 27. Rxa5 Kf7 28. Rf5+ Ke6 29. Rxf4 g5 30. Rf8 Rd4 31. Kc1 Ra4 32. Rb8 Rxa3
33. Rxb7 Ra1+ 34. Kd2 Kd5 35. Rh7 Rf1 36. Ke2 Rg1 37. g3 Rc1 38. Rxh6 Rxc2+ 39.
Ke3 Rc3+ 40. Kd2 Rf3 41. Ke2 Ke5 42. Rh8 Rb3 43. Re8+ Kf5 44. h3 Rb2+ 45. Kf1
Rb3 46. Kg2 Rb2 47. g4+ Kf4 48. Rf8+ Ke5 49. Rf5+ Kd4 50. Rxg5 e3 51. Rg8 Rxf2+
52. Kg3 Rf1 53. Rd8+ Kc3 54. Re8 Kd2 55. h4 e2 56. h5 Rh1 57. Kf4 e1=Q 58. Rxe1
Rxe1 59. h6 Kd3 60. g5 Kd4 61. h7 Rf1+ 62. Kg4 Rh1 63. g6 Ke5 64. g7 Rg1+ 65.
Kf3 Rxg7 66. h8=Q Kf6 67. Kf4 Kg6 68. Qe8+ Kh7 69. Kf5 Ra7 70. Qh5+ Kg8 71.
Qg4+ Rg7 72. Qc4+ Kh7 73. Qd3 Rf7+ 74. Ke6+ Kg7 75. Qg3+ Kf8 76. Qc3 Re7+ 77.
Kd6 Rf7 78. Qh8# {Normal} 1-0

[Event "Rated Blitz game"]
[Site "?"]
[Date "2021.11.23"]
[Round "?"]
[White "Guestopedda"]
[Black "Nepsuliini"]
[Result "0-1"]
[WhiteElo "2314"]
[BlackElo "2400"]
[PlyCount "96"]
[EventDate "2021.??.??"]
[EventType "blitz"]

1. e4 e5 2. Nf3 d5 3. exd5 Bd6 4. d4 e4 5. Ne5 Nf6 6. c4 c5 7. dxc6 Nxc6 8.
Nxc6 bxc6 9. Be3 Rb8 10. Be2 Rxb2 11. O-O O-O 12. Nc3 Qc7 13. g3 Bh3 14. Re1
Rfb8 15. Qc1 Bg4 16. Nb5 R8xb5 17. cxb5 Rxe2 18. Rxe2 Bxe2 19. Qxc6 Qxc6 20.
bxc6 Nd5 21. Rb1 Ba6 22. Bd2 f5 23. Ba5 Kf7 24. h4 Ke6 25. Bd2 Nc7 26. Rb8 Kd5
27. Rg8 Ne6 28. Rh8 Nxd4 29. Bf4 Ne2+ 30. Kg2 Nxf4+ 31. gxf4 Bxf4 32. Rxh7 Be5
33. h5 Kxc6 34. h6 gxh6 35. Rxh6+ Bd6 36. Rf6 Bc8 37. f3 exf3+ 38. Kxf3 Kd5 39.
Rf7 Bc5 40. Kf4 Be6 41. Rb7 Kc6 42. Rb2 Bd6+ 43. Ke3 f4+ 44. Ke4 Bd5+ 45. Kd4
Bc5+ 46. Ke5 f3 47. Rd2 f2 48. Rd1 Bc4 {Normal} 0-1